Ultrazvuk v geofizike

Uložené v:
Podrobná bibliografia
Médium: Kniha
Jazyk:Russian
Vydané: 1964
Tagy: Pridať tag
Žiadne tagy, Buďte prvý kto otaguje tento záznam!

MARC

LEADER 00000nam a2200000 a 4500
001 000168614
005 00000000000000.0
008 040101s1964 e ruso
041 0 |a rus 
245 0 0 |a Ultrazvuk v geofizike 
260 |c 1964 
500 |a Záznam neprešiel kontrolou 
910 |a svkkk 
998 |a BK 
090 |g SCKHL  |k Sklad Pribinova 2. posch.  |a II0.6779  |i 168614-10  |s Absenčne